00762pam a2200229 a 4500001000800000005001700008008004100025020001800066050002000084082001200104245008200116250001200198260004500210300003600255500010400291650001600395650001600411650003000427650001600457700003100473700002800504434305920250222075935.0890301s1990 paua b 001 0 eng c a978039750889100aRG101.023b199000a61821900aDanforth's obstetrics and gynecology /ceditors, James R. Scott ... [et al.]. a6th ed. aPhiladelphia :bJ.B. Lippincott,cc1990. axiii, 1245 p. :bill. ;c26 cm. aRev. ed. of: Obstetrics and gynecology / editors, David N. Danforth, James R. Scott. 5th ed. c1986. 0aGynecology. 0aObstetrics. 2aGenital diseases, female. 2aObstetrics.1 aDanforth, David N.,d1912-1 aScott, James R.,d1937-